[Event "Legislatura Portena Open 2019"]
[Site "Buenos Aires"]
[Date "2019.03.25"]
[Round "5.7"]
[White "Fiora, Emilio"]
[Black "Slipak, Sergio"]
[Result "0-1"]
[WhiteElo "2227"]
[BlackElo "2427"]
[Annotator "TA"]
[PlyCount "84"]
[EventDate "2019.03.20"]
[EventType "swiss"]
[EventCountry "ARG"]
[SourceTitle "playchess.com"]
[Source "ChessBase"]
[SourceQuality "1"]

{[%evp 9,84,5,5,5,5,5,5,0,5,3,43,30,29,17,22,-23,-9,-11,-3,0,24,-28,-31,-30,-42,-42,-25,-78,-59,-68,-13,-66,20,-126,-97,-97,83,-173,-111,-238,-117,-136,-127,-143,-113,-172,-179,-174,-177,-172,-129,-143,-129,-130,-127,-181,-158,-360,-365,-388,-364,-764,-764,-755,-750,-716,-706,-685,-683,-900,-395,-512,-493,-499,-466,-401,-383]} 1. e4 c6 2. d4 d5 3. f3 e6 4. Nc3 Bb4 5. Nge2 Nf6 (5... Ne7 6. Be3 O-O 7. Qd2 Nd7 8. Ng3 Qa5 9. a3 b6 10. Bd3 Bxc3 11. bxc3 Ba6 12. O-O c5 13. Bxa6 Qxa6 {½-½ (60) Piorun,K (2586)-Tomczak,J (2585) Poland 2015}) 6. e5 {B12: Caro-Kann: Advance Variation} Nfd7 7. Be3 b6 8. a3 {The position is equal.} Be7 9. f4 Ba6 10. g3 O-O $146 ({Predecessor:} 10... Nf8 11. Bh3 c5 12. f5 Nc6 13. fxe6 fxe6 {0-1 (67) Bodnaruk,A (2372)-Molchanova,T (2368) St Petersburg 2009}) 11. Bh3 g6 12. f5 exf5 13. Qd2 Bxe2 14. Nxe2 Na6 15. Nf4 (15. O-O-O $142) 15... Nc7 16. O-O-O b5 17. Rhg1 Nb6 18. g4 (18. Qe2 $11 {remains equal.}) 18... Nc4 $17 19. Qd3 fxg4 (19... b4 $15 20. a4 Nxe3 21. Qxe3 fxg4 22. Rxg4 Bg5) 20. Rxg4 $11 Bg5 (20... Nxe3 $15 21. Qxe3 Bg5) 21. Ng2 (21. Rdg1 $11 {keeps the balance.} Bh6 22. R4g3) 21... Bxe3+ 22. Nxe3 f5 $2 {[#]} (22... Ne6 $17 {and life is bright.}) 23. Rgg1 $2 {[%mdl 8192]} (23. Nxf5 $1 $16 {Threatens to win with Nh4.} Ne6 24. Qg3) 23... Ne6 ({Better is} 23... Kh8 $19 24. Qc3 Qh4 25. Nxc4 bxc4) 24. Kb1 (24. Nxf5 $17 Kh8 25. Nd6) 24... Nxe3 (24... Nf4 $19 {has better winning chances.} 25. Qf1 Nxe3 26. Qxf4 Nxd1 27. Rxd1 a5) 25. Qxe3 $17 Qh4 26. Rd2 Rae8 27. Qg3 (27. Bg2 $17 {was worth a try.}) 27... Qxg3 $19 28. hxg3 Ng5 29. Bg2 Ne4 30. Bxe4 fxe4 $17 {[%mdl 4096] Endgame KRR-KRR} 31. g4 Rf4 32. Rg3 (32. Re2 $17 {might work better.}) 32... Rf3 33. Rxf3 $2 (33. Rg1 $17) 33... exf3 {KR-KR} 34. Rf2 Rf8 35. c3 $2 (35. g5 h6 36. e6) 35... g5 $19 36. e6 Rf4 37. Kc2 Kf8 38. Kd2 Ke7 39. Ke1 Rf6 (39... h5 $142 40. Rc2 Rxg4) 40. Rh2 {[#]} f2+ $1 {[%mdl 512]} 41. Kf1 (41. Rxf2 Rxf2) 41... h6 42. Rh3 Kxe6 {Accuracy: White = 36%, Black = 42%.} 0-1

[Event "Legislatura Portena Open 2019"]
[Site "Buenos Aires"]
[Date "2019.03.25"]
[Round "5.7"]
[White "Fiora, Emilio"]
[Black "Slipak, Sergio"]
[Result "*"]
[WhiteElo "2227"]
[BlackElo "2427"]
[Annotator "TA"]
[PlyCount "25"]
[EventDate "2019.03.20"]
[EventType "swiss"]
[EventCountry "ARG"]
[SourceTitle "playchess.com"]
[Source "ChessBase"]
[SourceQuality "1"]

{[%evp 9,16,3,6,11,6,-6,0,-6,0]} 1. e4 c6 2. d4 d5 3. f3 e6 4. Nc3 Bb4 5. Nge2 Nf6 {The position is equal.} (5... Ne7 6. Be3 O-O 7. Qd2 Nd7 8. Ng3 Qa5 9. a3 b6 10. Bd3 Bxc3 11. bxc3 Ba6 12. O-O c5 13. Bxa6 Qxa6 {½-½ (60) Piorun,K (2586)-Tomczak,J (2585) Poland 2015}) 6. e5 {B12: Caro-Kann: Advance Variation} Nfd7 7. Be3 b6 8. a3 Be7 {Predecessor:} 9. Nb1 $146 Ba6 10. c3 c5 11. g3 O-O 12. Bh3 Bxe2 13. Qxe2 {1-0 (31) Ljubarskij,J (2341)-Hvenekilde,J (2181) Arvier 2006} *

[Event "Legislatura Portena Open 2019"]
[Site "Buenos Aires"]
[Date "2019.03.25"]
[Round "5.8"]
[White "Molina, Pablo Sebastian"]
[Black "Dolezal, Cristian"]
[Result "*"]
[WhiteElo "2277"]
[BlackElo "2392"]
[Annotator "TA"]
[PlyCount "22"]
[EventDate "2019.03.20"]
[EventType "swiss"]
[EventCountry "ARG"]
[SourceTitle "playchess.com"]
[Source "ChessBase"]
[SourceQuality "1"]

{[%evp 9,12,35,32,35,41]} 1. e4 c6 2. Nf3 d6 3. d4 Nf6 4. Bd3 e5 5. h3 Nbd7 6. c3 {B07: Pirc Defence: Miscellaneous Systems} Be7 {Predecessor:} 7. a4 $146 O-O 8. O-O Qc7 9. Re1 a5 10. Nbd2 Re8 11. Nf1 Bf8 {½-½ (24) Kozlov,A (2163)-De Santis,A (2305) Bad Woerishofen 2010} *

[Event "Legislatura Portena Open 2019"]
[Site "Buenos Aires"]
[Date "2019.03.25"]
[Round "5.8"]
[White "Molina, Pablo Sebastian"]
[Black "Dolezal, Cristian"]
[Result "1-0"]
[WhiteElo "2277"]
[BlackElo "2392"]
[Annotator "TA"]
[PlyCount "87"]
[EventDate "2019.03.20"]
[EventType "swiss"]
[EventCountry "ARG"]
[SourceTitle "playchess.com"]
[Source "ChessBase"]
[SourceQuality "1"]

{[%evp 9,87,39,35,19,50,49,52,31,50,27,35,29,28,-37,0,0,11,-3,0,-7,-21,-11,-10,-14,-15,-13,4,-88,-60,-70,-42,-27,-30,-50,-40,-43,-33,-42,-42,-35,-35,-27,-31,-32,0,0,0,0,0,0,8,8,58,0,0,0,148,145,156,132,620,618,601,610,602,583,745,737,705,683,559,546,530,513,1857,1688,29992,29993,29993,29994]} 1. e4 c6 2. Nf3 d6 3. d4 Nf6 4. Bd3 e5 5. h3 Nbd7 6. c3 {B07: Pirc Defence: Miscellaneous Systems} Be7 7. O-O O-O 8. a4 {White is slightly better.} b6 $146 ({Predecessor:} 8... Qc7 9. Re1 a5 10. Nbd2 Re8 11. Nf1 Bf8 {½-½ (24) Kozlov,A (2163)-De Santis,A (2305) Bad Woerishofen 2010}) 9. Qe2 Re8 10. Rd1 Qc7 11. Na3 (11. Qc2 $11) 11... Bf8 12. dxe5 dxe5 13. Bc4 Nc5 14. Ng5 Re7 15. Qc2 h6 16. b4 hxg5 17. bxc5 g4 18. h4 (18. hxg4 $11 Bxg4 19. f3) 18... g3 19. fxg3 Rd7 20. Rf1 $1 ({Much weaker is} 20. Be3 Ng4 $17) 20... Bxc5+ 21. Kh1 Rd6 22. Bg5 Bg4 23. Bxf6 $1 Rxf6 ({But not} 23... gxf6 24. Be2 $14) 24. Rxf6 gxf6 25. Be2 Be6 26. Bc4 Rd8 27. Bxe6 fxe6 28. Qe2 Qg7 29. Kh2 Qg6 30. Nc4 Kg7 31. Rd1 ({Better is} 31. Nb2 $14) 31... Bf2 32. Rd3 b5 {[#]} (32... Rxd3 $11 33. Qxd3 Qe8) 33. Rf3 $1 $16 Bc5 34. Na5 {Hoping for Nb7.} bxa4 $2 {[%mdl 8192]} (34... Rc8 $16) 35. Nb7 $18 {[%mdl 64] Double Attack} Be7 36. Nxd8 Bxd8 {[%mdl 4096] Endgame KQR-KQB} 37. Qd1 Bb6 38. Qd7+ Qf7 39. Qxc6 a3 40. c4 Qe7 41. Rd3 {[#] Black must now prevent Rd7.} a2 (41... Bd4 $142 42. Qa4 f5 43. Qxa3 Qxa3 44. Rxa3 fxe4) 42. Rd7 a1=Q 43. Rxe7+ Kh6 44. c5 {Accuracy: White = 60%, Black = 43%.} 1-0

[Event "Legislatura Portena Open 2019"]
[Site "Buenos Aires"]
[Date "2019.03.25"]
[Round "5.9"]
[White "Ocantos, Manuel"]
[Black "Fiorito, Fabian"]
[Result "1/2-1/2"]
[WhiteElo "2217"]
[BlackElo "2366"]
[Annotator "TA"]
[PlyCount "58"]
[EventDate "2019.03.20"]
[EventType "swiss"]
[EventCountry "ARG"]
[SourceTitle "playchess.com"]
[Source "ChessBase"]
[SourceQuality "1"]

{[%evp 18,58,21,25,32,27,28,-6,0,0,0,0,4,0,17,0,25,0,7,0,11,14,38,20,49,0,66,47,42,42,52,35,172,147,237,0,0,0,0,0,0,0,0]} 1. d4 Nf6 2. c4 g6 3. Nc3 Bg7 4. e4 d6 5. Be2 O-O 6. Bg5 Na6 7. Qd2 c6 8. Nf3 e5 9. d5 {E73: King's Indian: Averbakh Variation without 6...c5} (9. O-O exd4 10. Nxd4 Nc5 11. f3 Nfxe4 12. Nxe4 Nxe4 13. fxe4 Bxd4+ 14. Qxd4 Qxg5 15. Qxd6 Rd8 16. Qa3 Rd2 17. Rfe1 Be6 18. Qc3 Rad8 {0-1 (27) Agdestein,S (2567)-Bacrot,E (2714) Tromsoe 2013}) 9... cxd5 10. cxd5 {LiveBook: 4 Games} Bd7 11. O-O {White is slightly better.} Nc5 $146 ({Predecessor:} 11... Qb8 12. Rab1 Nc5 13. Bxf6 Bxf6 14. b4 Na6 15. Qb2 b5 16. Bd3 Qb6 {1-0 (56) Goltseva,E (2205)-Pogorelskikh,S (1964) Sochi 2017}) 12. Bxf6 Bxf6 13. b4 Na6 14. Nb5 Bg4 15. a4 Bxf3 16. Bxf3 Bg5 17. Qb2 f5 18. Ra3 fxe4 19. Bxe4 Rf4 20. Qb1 $36 {[%mdl 2048] next Bxg6! is good for White. White has the initiative.} Kg7 21. Rg3 Bh4 (21... Rc8 $11) 22. Rc3 {[#] Threatens to win with g3.} Rf7 23. g3 Bf6 24. h4 {Strongly threatening h5!} Kh8 (24... Nc7 $14) 25. Rfc1 $18 Qb6 {[#]} (25... Be7 $16) 26. Bxg6 $2 ({White has to play} 26. Rc8+ $1 $18 Rf8 27. Rxa8 Rxa8 28. Qb3) 26... hxg6 $11 {The position is equal.} 27. Qxg6 Raf8 $1 {And now ...Bg7 would win.} 28. Rf3 Qd8 29. Rc4 Rg7 {Precision: White = 43%, Black = 41%.} 1/2-1/2

[Event "Legislatura Portena Open 2019"]
[Site "Buenos Aires"]
[Date "2019.03.25"]
[Round "5.9"]
[White "Ocantos, Manuel"]
[Black "Fiorito, Fabian"]
[Result "*"]
[WhiteElo "2217"]
[BlackElo "2366"]
[Annotator "TA"]
[PlyCount "15"]
[EventDate "2019.03.20"]
[EventType "swiss"]
[EventCountry "ARG"]
[SourceTitle "playchess.com"]
[Source "ChessBase"]
[SourceQuality "1"]

{[%evp 9,15,0,0,-37,-17,-52,-43,-40]} 1. d4 Nf6 2. c4 g6 3. Nc3 Bg7 4. e4 d6 5. Qd2 (5. Be2 O-O 6. Bg5 Na6 7. Qd2 e5 8. d5 c6 9. f3 cxd5 10. cxd5 Bd7 11. Rc1 Qa5 12. Nb5 Qxd2+ 13. Bxd2 Ne8 14. b4 f5 15. Nh3 Bf6 16. Nf2 Bd8 17. a4 Bb6 18. Rf1 Nac7 19. Nxc7 Nxc7 {0-1 (40) Le,Q (2714)-Guseinov,G (2664) chess.com INT 2019}) 5... O-O 6. Qg5 $146 {E70: King's Indian: Miscellaneous lines with 4 e4, including 5 Nge2 and 5 Bd3 0-0 6 Nge2} ({Predecessor:} 6. Be2 c5 7. Nf3 b6 8. O-O Bb7 9. b3 Nxe4 10. Nxe4 Bxe4 11. Bb2 Nc6 {0-1 (20) Kawalek,T-Gardolinski,M Kolobrzeg 2001}) 6... Na6 7. Qd2 c6 8. Nf3 *

[Event "Legislatura Portena Open 2019"]
[Site "Buenos Aires"]
[Date "2019.03.25"]
[Round "5.10"]
[White "Postolski, Javier"]
[Black "Zapata Charles, Santiago"]
[Result "0-1"]
[WhiteElo "2014"]
[BlackElo "2303"]
[Annotator "TA"]
[PlyCount "58"]
[EventDate "2019.03.20"]
[EventType "swiss"]
[EventCountry "ARG"]
[SourceTitle "playchess.com"]
[Source "ChessBase"]
[SourceQuality "1"]

{[%evp 9,58,5,5,-6,-17,-65,-46,-55,-52,-115,-107,-120,-62,-212,-183,-202,-220,-296,-325,-302,-298,-272,-312,-396,-392,-637,-511,-673,-679,-645,-680,-714,-415,-387,-377,-383,-364,-370,-366,-358,-356,-347,-317,-750,-712,-1893,-1654,-29996,-1474,-1389,-1355]} 1. e4 e6 2. d4 d5 3. exd5 exd5 4. Nc3 Nf6 5. Bd3 c5 6. Bb5+ {C01: French: Exchange Variation} (6. Bg5 c4 7. Be2 Be7 8. Bf3 Nc6 9. Nge2 Be6 10. Nf4 O-O 11. O-O h6 12. Bh4 Qd7 13. Bxf6 Bxf6 14. Ncxd5 Bxd4 {1-0 (34) Moiseenko,V (2547)-Bykov,O (2353) Kolomna 2018}) 6... Nc6 7. Qe2+ Be7 8. Nf3 {Black is slightly better.} O-O 9. Bxc6 ({Better is} 9. Be3 $15) 9... bxc6 $17 10. Be3 Qb6 $146 (10... Re8 $17 11. O-O Bd6 12. dxc5 Bxc5 $1 {[%mdl 576] Pin}) ({Predecessor:} 10... cxd4 11. Nxd4 Bd7 12. Nb3 c5 13. Bg5 d4 14. Bxf6 Bxf6 {0-1 (37) Parpinel,M (2157)-Naumkin,I (2443) Florence 2012}) 11. Qd2 ({White should play} 11. dxc5 $1 $15 Qxb2 12. O-O) 11... Ba6 $36 {[%mdl 2048] Black is really pushing.} ({Resist} 11... Qxb2 12. O-O $17) 12. Na4 Qb5 13. Nc3 Qxb2 14. Rb1 Qa3 15. Rb3 Qa5 16. Ne5 Qc7 17. f3 $2 (17. Ra3 Bb7 18. Rb3) 17... Bd6 {Hoping for ...cxd4.} 18. f4 cxd4 19. Qxd4 Rfe8 20. Na4 Bxe5 21. fxe5 Rxe5 {aiming for ...Re4.} 22. Nc5 Bc4 23. Rb7 Qa5+ {[%mdl 64] Double Attack} 24. Kd1 Rae8 25. Bd2 Qxa2 {Threatens to win with ...Bb5.} 26. Nd7 $2 (26. Qb2) 26... Nxd7 $19 27. Rxd7 Re4 {( -> ...Qb1+)} 28. Qxa7 Be2+ (28... Qb1+ $142 29. Bc1 {[#]} Bb3 $1 {[%mdl 512]} 30. cxb3 Qxb3+ 31. Kd2 Re2#) 29. Kc1 Ra4 {Accuracy: White = 19%, Black = 64%.} 0-1

[Event "Legislatura Portena Open 2019"]
[Site "Buenos Aires"]
[Date "2019.03.25"]
[Round "5.10"]
[White "Postolski, Javier"]
[Black "Zapata Charles, Santiago"]
[Result "*"]
[WhiteElo "2014"]
[BlackElo "2303"]
[Annotator "TA"]
[PlyCount "20"]
[EventDate "2019.03.20"]
[EventType "swiss"]
[EventCountry "ARG"]
[SourceTitle "playchess.com"]
[Source "ChessBase"]
[SourceQuality "1"]

{[%evp 9,9,0]} 1. e4 e6 2. d4 d5 3. exd5 exd5 4. Nc3 Nf6 5. Bd3 {Predecessor:} Nc6 $146 6. Nge2 Nb4 7. O-O Nxd3 8. Qxd3 Be7 9. Ng3 O-O 10. Re1 c6 {½-½ (10) Nigmatov,O (2438)-Levin,E (2543) Tashkent 2018} *

[Event "Legislatura Portena Open 2019"]
[Site "Buenos Aires"]
[Date "2019.03.26"]
[Round "6.1"]
[White "Perez, Maximiliano"]
[Black "Romero Barreto, Jaime Jose"]
[Result "1/2-1/2"]
[WhiteElo "2418"]
[BlackElo "2337"]
[Annotator "TA"]
[PlyCount "40"]
[EventDate "2019.03.20"]
[EventType "swiss"]
[EventCountry "ARG"]
[SourceTitle "playchess.com"]
[Source "ChessBase"]
[SourceQuality "1"]

{[%evp 12,40,12,12,28,15,28,0,18,18,5,7,18,15,26,17,35,17,164,169,174,165,177,171,147,163,188,0,30,0,171]} 1. e4 e5 2. Nf3 Nc6 {[%cal Bb8c6,Bc6e7,Be7g6][%mdl 32]} 3. Bc4 Bc5 4. O-O Nf6 5. d3 d6 6. c3 O-O 7. h3 Ne7 {C54: Giuoco Piano: 4 c3 Nf6, main lines with 5 d4 and 5 d3} (7... h6 8. Re1 a5 9. Bb3 Re8 10. Nbd2 Be6 11. Ba4 Qb8 12. Nf1 b5 13. Bc2 Qb6 14. Qe2 Rad8 15. Ng3 d5 16. Nh4 {½-½ (52) Wang,H (2730)-Cheparinov,I (2709) St Petersburg 2018}) 8. Re1 Ng6 9. Nbd2 c6 10. d4 Bb6 11. Bf1 Re8 12. dxe5 Nxe5 13. Nxe5 Rxe5 14. Bd3 Bxh3 $146 (14... d5 $11 {and Black is okay.}) ({Predecessor:} 14... Qe8 15. Nc4 Re6 16. Nxb6 axb6 17. f3 d5 18. Bf4 dxe4 19. fxe4 h6 20. Qc2 {½-½ (20) Aranovitch,E (2333)-Lucaroni,M (2262) Spoleto 2011}) 15. gxh3 $18 Rg5+ 16. Kf1 $1 Qd7 17. Qf3 Rh5 {[#]} 18. Kg2 $1 Rg5+ {[#]} 19. Kf1 $2 ({Only move:} 19. Kh2 $1 $18) 19... Rh5 $11 20. Kg2 (20. Qg2 $11) 20... Rg5+ {Accuracy: White = 59%, Black = 35%.} 1/2-1/2

[Event "Legislatura Portena Open 2019"]
[Site "Buenos Aires"]
[Date "2019.03.26"]
[Round "6.2"]
[White "Quiroga, Facundo"]
[Black "Garcia Palermo, Carlos"]
[Result "1/2-1/2"]
[WhiteElo "2267"]
[BlackElo "2407"]
[Annotator "TA"]
[PlyCount "94"]
[EventDate "2019.03.20"]
[EventType "swiss"]
[EventCountry "ARG"]
[SourceTitle "playchess.com"]
[Source "ChessBase"]
[SourceQuality "1"]

{[%evp 11,94,-16,0,-2,5,-55,-43,-43,-43,-37,-40,-35,-39,-53,-55,-81,-18,-14,0,14,0,0,0,-38,127,127,125,94,124,132,232,156,139,95,90,101,106,102,210,216,274,287,385,373,352,385,708,300,261,200,192,52,52,52,53,53,266,197,194,195,206,204,207,132,472,414,872,807,773,760,1439,640,1263,364,353,170,29998,8,8,0,0,0,0,0,0]} 1. d4 Nf6 2. c4 e6 3. Nc3 Bb4 4. Bg5 h6 5. Bh4 c5 6. d5 exd5 7. cxd5 {E30: Nimzo-Indian: Leningrad Variation} d6 8. a3 ({Better is} 8. e3 $11) (8. e3 O-O 9. Bd3 Nbd7 10. Nge2 a6 11. a3 Ba5 12. O-O b5 13. b4 Bb6 14. Bg3 Qe7 15. bxc5 Bxc5 16. Nd4 Bxd4 17. exd4 Nb6 18. Bh4 {1-0 (35) Rapport,R (2605)-Antipov,M (2462) Athens 2012}) 8... Bxc3+ $1 $15 9. bxc3 {Black is slightly better.} Nbd7 10. f3 Qa5 11. Rc1 $146 ({Predecessor:} 11. Bxf6 Nxf6 12. e4 Qxc3+ 13. Kf2 O-O 14. Ne2 Qe5 {0-1 (43) Rieger,P-Kaposztas,M (2235) Ajka 1998}) 11... O-O 12. e4 Re8 13. Ne2 b6 (13... Nxe4 $17 14. fxe4 Rxe4) 14. g4 g5 15. Bg3 Ne5 16. Bxe5 Rxe5 17. h4 {[#]} Bd7 $2 (17... Bxg4 $1 $15 {[%mdl 512] stays ahead.} 18. fxg4 Nxe4 19. hxg5 Rae8) 18. hxg5 $16 hxg5 19. Qd2 Rae8 20. Ng3 Qxa3 (20... Kf8 $16 {was called for.}) 21. Be2 {Kf2 is the strong threat.} c4 22. Kf2 $40 {[%mdl 128] White wants a kill.} Qc5+ 23. Kg2 {And now Nf5 would win.} Kf8 24. Rh6 Nxd5 (24... Ke7 $16 {was necessary.}) 25. exd5 $18 Rxd5 26. Qc2 Qe3 {and if ...Rd2 works, Black does fine.} 27. Rd1 Rxd1 28. Qxd1 Qxc3 $2 (28... Qe5 29. Rxd6 Ba4) 29. Rxd6 (29. Qxd6+ $142 Re7 30. Rh7) 29... Be6 30. Rd8 Qe5 31. Rxe8+ ({Only move:} 31. Rd4 $1 $18) 31... Kxe8 $14 32. Qa4+ b5 33. Qxa7 Qb2 $2 (33... f5 $1 $14) 34. Qb8+ Kd7 35. Qb7+ Kd8 {[#]} 36. Qb6+ $1 Kd7 37. Kf2 {Threatens to win with Ne4.} b4 $2 {[%mdl 8192]} (37... Qe5 $16 38. Bd1 Qd5) 38. Ne4 b3 (38... Qe5 $142 39. Qxb4 Qh2+ 40. Ke1 Qg1+ 41. Kd2 Qd4+ 42. Kc2 Kc6) 39. Qb7+ $18 Ke8 40. Qb8+ Ke7 41. Qb4+ (41. Qd6+ $142 Ke8 42. Kg3) 41... Ke8 {intending ...Qd4+.} 42. Nd6+ $2 (42. Qd6 Qa1 {[#]} 43. Bxc4 $1 {[%mdl 512]} Bxc4 44. Nf6+ Qxf6 45. Qxf6) 42... Kd7 {aiming for ...Qd4+.} 43. Nb5 (43. Nxc4 $142 Bxc4 44. Qxc4) 43... Qf6 $2 (43... Qe5 $18) 44. Nc3 $2 (44. Qd6+ {mates} Ke8 45. Nc7#) 44... Qd4+ $11 {The position is equal.} 45. Ke1 Qg1+ 46. Kd2 {Hoping for Qb5+.} Qd4+ 47. Ke1 Qg1+ {Accuracy: White = 43%, Black = 32%.} 1/2-1/2

[Event "Legislatura Portena Open 2019"]
[Site "Buenos Aires"]
[Date "2019.03.26"]
[Round "6.3"]
[White "Slipak, Sergio"]
[Black "Acosta, Pablo Ismael"]
[Result "1-0"]
[WhiteElo "2427"]
[BlackElo "2467"]
[Annotator "TA"]
[PlyCount "95"]
[EventDate "2019.03.20"]
[EventType "swiss"]
[EventCountry "ARG"]
[SourceTitle "playchess.com"]
[Source "ChessBase"]
[SourceQuality "1"]

{[%evp 14,95,9,0,27,19,15,18,80,79,85,73,87,79,61,46,58,68,88,88,71,57,89,44,83,33,39,25,20,22,62,68,98,0,14,-47,-8,-26,11,11,11,12,7,0,22,0,33,24,20,0,239,239,231,235,301,186,209,178,340,320,723,747,740,740,690,716,533,666,648,645,585,499,598,525,696,607,606,595,754,754,5313,5302,29972,1732]} 1. d4 Nf6 2. c4 e6 3. Nc3 Bb4 4. Bd2 O-O 5. Nf3 b6 6. e3 Bb7 7. Bd3 c5 8. O-O h6 {E43: Nimzo-Indian: Rubinstein: 4...b6} (8... cxd4 9. exd4 d5 10. a3 Bxc3 11. Bxc3 dxc4 12. Bxc4 Ba6 13. b3 Bxc4 14. bxc4 Nbd7 15. Rc1 Rc8 16. Qa4 Qc7 17. Bb4 Rfd8 18. Rfd1 Qb7 19. Qb3 h6 20. h3 Nf8 {1-0 (42) Nakamura,H (2787)-Carlsen,M (2853) chess.com INT 2016}) 9. Qe2 $146 ({Predecessor:} 9. Rc1 d6 10. a3 Bxc3 11. Bxc3 Nbd7 12. Be2 Qe7 13. Nd2 e5 14. d5 Rfe8 15. e4 Nf8 16. Bf3 {1-0 (84) Aryan,A (1987)-Tran,T (2544) Bhopal 2017}) 9... cxd4 10. exd4 Bxf3 (10... Nc6 $11 {keeps the balance.}) 11. Qxf3 $16 ({Of course not} 11. gxf3 Nc6 $11) 11... Nc6 12. Qg3 Kh8 13. Qh3 {[#] And now Bxh6! would win.} Re8 14. Be3 Bxc3 15. bxc3 Nh7 16. Rad1 Rc8 17. Rfe1 Qf6 18. Qh5 e5 {[%cal Re5d4]} 19. h4 (19. c5 {looks sharper.} exd4 20. cxd4 Nf8 21. Ba6 Rb8 22. Bf1) 19... e4 20. Bf1 Ne7 21. g3 (21. a4 {with more complications.} Nf5 22. a5 Nxh4 23. Qg4 Kg8 24. axb6 axb6 25. Rb1) 21... Qg6 22. Qxg6 Nxg6 23. Bh3 ({White should try} 23. a4 $16) 23... Nf6 24. h5 (24. c5 $11) 24... Nf8 25. c5 Nd5 26. c4 $36 {[%mdl 2048] White is pushing.} Nxe3 27. Rxe3 bxc5 28. d5 Rcd8 29. Rb1 Nh7 30. Rb7 Nf6 31. Ra3 Nxh5 $2 {[#]} (31... Re5 $11) 32. Rxd7 $18 ({But not} 32. Bxd7 $6 Re7 $16) 32... Rxd7 33. Bxd7 $11 {[%mdl 4096] Endgame KRB-KRN} Re7 34. Rxa7 e3 35. fxe3 Rxe3 $2 (35... Nf6 {is a better defense.}) 36. d6 $18 g6 $2 (36... Nf6 37. Bf5 g6) 37. Bc6 Nf6 38. Rxf7 Re6 39. d7 Nxd7 40. Bxd7 {KRB-KR} Re3 41. Kg2 Ra3 42. Rf2 h5 43. Be8 Kg7 44. Rf7+ Kh6 45. Rf6 Rxa2+ 46. Kh3 Re2 47. Bxg6 Kg5 48. Rc6 {Accuracy: White = 64%, Black = 28%.} (48. Bd3 $142 Rh2+ 49. Kxh2 Kxf6 50. Kh3 Ke5 51. Be2 Kd4 52. Kh4 Ke3 53. Bxh5) 1-0

[Event "Legislatura Portena Open 2019"]
[Site "Buenos Aires"]
[Date "2019.03.26"]
[Round "6.4"]
[White "Zapata Charles, Santiago"]
[Black "Molina, Pablo Sebastian"]
[Result "1-0"]
[WhiteElo "2303"]
[BlackElo "2277"]
[Annotator "TA"]
[PlyCount "91"]
[EventDate "2019.03.20"]
[EventType "swiss"]
[EventCountry "ARG"]
[SourceTitle "playchess.com"]
[Source "ChessBase"]
[SourceQuality "1"]

{[%evp 12,90,63,51,47,41,50,0,0,0,0,4,30,27,17,5,87,88,126,151,155,147,135,119,126,43,33,38,55,37,81,70,88,91,97,89,160,132,166,138,137,145,147,101,112,130,125,85,141,138,199,216,306,292,411,417,416,391,502,476,589,585,586,585,597,501,622,634,584,603,639,602,776,750,29978,29979,29987,29988,29990,29989,29999]} 1. e4 c5 2. Nf3 Nc6 3. d4 cxd4 4. Nxd4 Nf6 5. Nc3 e5 6. Ndb5 h6 7. Nd5 Nxd5 {B33: Sicilian: Pelikan and Sveshnikov Variations} 8. exd5 {d6 is the strong threat.} a6 9. dxc6 {Threatens to win with c7.} axb5 {The position is equal.} 10. cxd7+ Bxd7 11. Bd3 Qb6 $146 ({Predecessor:} 11... Bc6 12. Qe2 Qd5 13. f3 Bc5 14. Be3 Bxe3 15. Qxe3 {½-½ (37) Zherebukh,Y (2553)-Matjushin,G (2500) Alushta 2009}) 12. O-O Bd6 13. Be3 Qc6 {[#]} (13... Qc7 $11 {remains equal.}) 14. Bxb5 $1 $16 {[%mdl 512]} Qc7 (14... Qxb5 15. Qxd6) 15. Bxd7+ Qxd7 16. c4 Qe6 17. c5 Bc7 18. Qb3 ({Better is} 18. b4 $16) 18... Qxb3 $14 19. axb3 Kd7 20. Ra4 g5 21. g4 Kc6 22. Kg2 Rad8 23. Rfa1 Kb5 ({Black should try} 23... h5) 24. Ra7 Rb8 25. Rc1 Kc6 26. b4 Ra8 27. b5+ {[%mdl 64] Decoy} Kxb5 28. Rxb7+ Kc6 {[#]} 29. Rb4 $1 Rhb8 {[#]} (29... f6 $142) 30. Rxb8 $1 $16 Rxb8 {[%mdl 4096] Endgame KRB-KRB} (30... Bxb8 $16 {is a better defense.} 31. b4 Ra4) 31. Ra1 $18 Rxb2 (31... Bd8 $142 32. Ra6+ Kd7 33. Rxh6 Rb4 34. Rd6+ Kc8) 32. Ra6+ Kd5 (32... Kd7 {was called for.} 33. Rf6 (33. Rxh6 Bd8 $16) 33... Ke8 34. Rxh6 Rb4) 33. Rxh6 Rb8 34. Rh7 Rg8 {Black hopes to continue with ...Ke6.} 35. Rxf7 Bd8 36. Rd7+ Kc6 37. Rd6+ Kb5 38. Rh6 Ba5 39. Kf3 Bb4 40. Re6 Bc3 41. Ke4 Rh8 42. Kd5 Rxh2 43. Rb6+ {White mates.} Ka5 44. Kc4 Be1 45. Rb1 {[%cal Rb1a1]} Rh6 46. Ra1# {Accuracy: White = 69%, Black = 33%.} 1-0